| 000 | 01307cam a2200457 4500 | ||
|---|---|---|---|
| 999 |
_c28841 _d28812 |
||
| 001 | 323494IP | ||
| 001 | BEK2906KO | ||
| 001 | ABJ3627FW | ||
| 001 | AKP3840BB | ||
| 003 | EG-ScBUE | ||
| 005 | 20200927113043.0 | ||
| 008 | 711112r19771971enkak f 00110 eng d | ||
| 020 | _a0716100908 | ||
| 035 | _aBBA1422IP | ||
| 035 | _a(OCoLC)ocm00208530 | ||
| 035 | _a41224 | ||
| 035 | _a(InU)323494IP | ||
| 035 | _a(InU)BEK2906KO | ||
| 035 | _a(InU)ABJ3627FW | ||
| 035 | _a(InU)AKP3840BB | ||
| 040 |
_aDLC _beng _erda _cDLC _dOCL _dEG-ScBUE |
||
| 082 | 0 | 4 |
_a658.78 _bATT _222 |
| 100 | 1 | 0 |
_aAttwood, Peter R., _eauthor. |
| 245 | 1 | 0 |
_aPlanning a distribution system / _cPeter R. Attwood. |
| 250 | _aReprinted edition. | ||
| 264 | 1 |
_aHampshire, England : _bGower Press Limited, _c1977. |
|
| 300 |
_axv, 220 pages : _billustrations, forms ; _c24 cm |
||
| 336 |
_2rdacontent _atext _btxt |
||
| 337 |
_2rdamedia _aunmediated _bn |
||
| 338 |
_2rdacarrier _avolume _bnc |
||
| 350 | _a£4.25 | ||
| 500 | _aIncludes index. | ||
| 500 | _aIncludes appendix. | ||
| 650 | 7 |
_aPhysical distribution of goods _xManagement. _2BUEsh |
|
| 653 |
_bBUSADM _cSeptember2020 |
||
| 655 |
_vReading book _934232 |
||
| 942 |
_2ddc _cBB |
||
| 998 |
_b9/24/1988 _c9/24/1988 |
||
| 998 | _c3/8/1991 | ||
| 998 |
_b12/1/1998 _c12/1/1998 |
||